00515 2200205 4500001002100000005001500021008004100036020001800077035001900095041000700114082001100121090001700132100000800149700001800157700001900175245003700194260001800231300004000249650002000289INLIS00000000000860420241224113658241224||||||||| | ||| |||| || |  a979-734-549-1 0010-1224008604 aid0 a547.07 a547.07 MUS b0 aDKK0 aDiah Aryulina0 aChoirul Muslim00aBiologi SMA dan MA untuk Kelas X aJakartabESIS a25,5x19,5 cm, xii, 340 hlm.; ilus.: 0aIlmu-ilmu Murni